000
00323nam a2200109Ia 4500
008
200302s9999 xx 000 0 und d
100
_a
Christopher Tadgell
245
_a
The History of Architecture in India from the dawn of Civilization to the end of the Raj
260
_b
Phaidon Publishers
260
_c
1990
300
_a
336
999
_c
7254
_d
7254